[Event "Niedersachsen-ch U12/14 Girls"]
[Site "Rotenburg/Wuemme"]
[Date "2007.04.06"]
[Round "9"]
[White "Schreiber, Justina"]
[Black "Schmidt, Jennifer"]
[Result "1-0"]
[WhiteElo "963"]
[BlackElo "1117"]
[PlyCount "51"]
[EventDate "2007.03.31"]
[EventType "swiss"]
[EventRounds "9"]
[EventCountry "GER"]
[SourceTitle "EXT 2008"]
[Source "ChessBase"]
[SourceDate "2007.11.25"]
[SourceVersion "1"]
[SourceVersionDate "2007.11.25"]
[SourceQuality "1"]

1. e4 c5 2. Nf3 Nc6 3. d4 cxd4 4. Nxd4 Nxd4 5. Qxd4 b6 6. Bc4 Bb7 7. f3 e6 8. Nc3 f6 9. Qd3 Bc5 10. Nb5 Ne7 11. Be3 a6 12. Nd6+ Bxd6 13. Qxd6 b5 14. Bd3 Nc8 15. Qg3 g6 16. Qh4 f5 17. Qh6 fxe4 18. fxe4 Qe7 19. 0-0-0 d5 20. e5 Rf8 21. Rhf1 d4 22. Bg5 Qc5 23. Rxf8+ Qxf8 24. Qxh7 Bxg2 25. Bxg6+ Qf7 26. Qxf7# 1-0